En una palabra : historias curiosas de nuestro lenguaje /

Guardado en:
Autor Principal: López, Charlie
Formato: Libro
Publicado: Buenos Aires : Aguilar
Materias:
Etiquetas: Agregar Etiqueta
Sin Etiquetas, Sea el primero en etiquetar este registro!
LEADER 00525nam a22001815a 4500
001 CEM.cems011708
005 20070808114357.0
008 130507b######################000#0#####d
003 CEMS
020 |a 9870400124 
082 0 4 |a 462 
100 1 |a López, Charlie 
245 1 0 |a En una palabra :  |b historias curiosas de nuestro lenguaje /  |c Charlie López 
260 |a Buenos Aires :  |b Aguilar 
300 |a 320 p. 
653 |a Etimología 
653 |a Origen de las palabras 
859 |a CEMS  |b BIB. CEMS - 11 de abril  |h 462  |i L871  |p 22665.04  |t Ej.1